000 00525nam a2200169Ia 4500
003 GCL
008 140319s9999 xx 000 0 ara d
040 _aGCL /
_cGCL
082 0 4 _aافلام ت
_b19
100 1 _aمحمد خيرى(مخرج)
245 1 0 _aعلى اطراف الاصابع (20 دقيقة) /
_cمحمد خيرى(مخرج)
260 _a[S.N] :
_bالمركز القومى للسينما ،
_c1986
490 _a
650 0 4 _aشرائط فيديو
650 0 4 _aافلام تسجيلية
942 _2ddc
_cBK
999 _c33751
_d33751